Reverse Dictionary #100 - Statistics

General Stats
  • This quiz has been taken 21 times
  • The average score is 12 of 25
Answer Stats
Definition First
Letter
Word % Correct
Something that decorates or adorns; an embellishment. O ornament
90%
A portion, division, piece, or segment of a whole. P part
80%
Any of various wild or domesticated waterbirds of the family Anatidae, characteristically having a broad flat bill, short legs, and webbed feet. D duck
70%
Of or denoting the sex that produces ova or bears young. F female
70%
1. Of, characterized by, or expressing a vision of the indefinite time yet to come. 2. Being ahead of the times; innovative or revolutionary. F futuristic
70%
To be carried or conveyed, as in a vehicle or on horseback. R ride
70%
Requiring considerable effort or skill; not easy to do or accomplish. D difficult
65%
Marked by irregular projections and indentations on the edge or surface. J jagged
55%
The expanse of air over any given point on the earth; the upper atmosphere as seen from the earth's surface. S sky
55%
1. To yield or surrender (oneself) to the will or authority of another. 2. To present (something) to the consideration or judgment of another. S submit
55%
A slender length of flexible material usually made of twisted strands or fibers and used to bind, tie, connect, or support. C cord
50%
Adhering firmly and devotedly, as to a person, cause, or idea; loyal. F faithful
50%
Crudely indecent. Deficient in taste, consideration, or refinement. V vulgar
50%
Lasting forever; never-ending. P perpetual
40%
Characterized by, full of, or bringing water falling to earth in drops. R rainy
40%
1. The process of marketing and supplying goods, especially to retailers. 2. An allotment. 3. The geographic occurrence or range of an organism. D distribution
35%
A move of or change to (something) so as to be in a more effective arrangement or desired condition. A adjustment
30%
1. Presumptuously forward; impudent. 2. Hasty or unrestrained without regard for consequences. B brash
30%
Clothing, especially outer garments; attire. A apparel
25%
1. To tend toward or approach an intersecting point. 2. To come together from different directions; to meet. C converge
25%
Having the tendency to form into a coiled or spiral shape. C curly
25%
Capable of being acquired as the result of planning or endeavor. O obtainable
25%
Covered with a mass or coating of fine, light fibers, hairs, or particles; covered with down. F fuzzy
20%
Giving forth a loud shrill cry or sound. S squealing
15%
1. Not appropriate, attractive, or flattering. 2. Not in accord with the standards implied by one's character or position. U unbecoming
15%
No matching quizzes found
Score Distribution
Percent of People with Each Score
Percentile by Number Answered
Your Score History
You have not taken this quiz